000
00336nam a2200145Ia 4500
008
241014s9999||||xx |||||||||||||| ||und||
020
_a
978-0632-02446-9
100
_a
Elliott , Tom
245
0
_a
Medical Microbiology
250
_a
3rd
260
_b
Blackwell Science
300
_a
343
650
_a
Microbiology
942
_b
SPH
_c
BK
999
_c
19238
_d
19238